| 000 | 01350nam a2200349 i 4500 | ||
|---|---|---|---|
| 001 | bg | ||
| 100 | 1 | _aKRUPIŃSKI, Waldemar | |
| 245 | 1 | 0 |
_aMetodyka identyfikacji geometrycznych parametrów tras drogowych i kolejowych w aspekcie ich modernizacji / _cWaldemar Krupiński. |
| 260 |
_aOlsztyn : _bWydawnictwo Uniwersytetu Warmińsko-Mazurskiego, _c2006. |
||
| 300 |
_a85 s. : _bil. ; _c24 cm. |
||
| 490 | 1 |
_aRozprawy i Monografie / Uniwersytet Warmińsko-Mazurski w Olsztynie / University of Warmia and Mazury in Olsztyn = _aDissertations and Monographs, _x1509-3018 ; _v116 |
|
| 500 | _aRozprawa habilitacyjna. Uniwersytet Warmińsko-Mazurski w Olsztynie, 2006. | ||
| 500 | _aStreszcz. ang. | ||
| 504 | _aBibliogr. s. 52-55. | ||
| 650 | 9 |
_aAproksymacja _xstosowanie |
|
| 650 | 9 |
_aDrogi _xgeodezja |
|
| 650 | 9 |
_aDrogi _xprojekty |
|
| 650 | 9 |
_aDrogi kolejowe _xgeodezja |
|
| 650 | 9 |
_aDrogi kolejowe _xprojekty |
|
| 650 | 9 |
_aKrzywe _xstosowanie |
|
| 830 | 0 |
_aRozprawy i Monografie (Uniwersytet Warmińsko-Mazurski w Olsztynie) ; _v116 |
|
| 015 | _aPB 20673/2006 | ||
| 020 | _a8372994587 | ||
| 020 | _a9788372994585 | ||
| 040 | _cBPK | ||
| 041 | 0 |
_apol _beng |
|
| 080 | _a625.7/.8:625.1]-048.35:528:514.7:519.65 | ||
| 920 | _a83-7299-458-7 | ||
| 920 | _a978-83-7299-458-5 | ||
| 942 | _cKS | ||
| 008 | s pl f |000 0 pol | ||
| 999 |
_c53683 _d53683 |
||
| 856 |
_uhttp://koha.tu.koszalin.pl/cgi-bin/koha/opac-detail.pl?biblionumber=53683 _yKatalog online BPK |
||